000
00365nam a2200133Ia 4500
008
151001s9999||||xx |||||||||||||| ||und||
100
_a
Sibnarayan Ray
245
_a
In Freedoms wuest
250
_a
1
260
_b
Minerva associates
260
_c
1998
300
_a
205
365
_b
21
999
_c
974911
_d
974908